Normal view
MARC view
Entry Personal Name
001 - CONTROL NUMBER
- control field: 246119
003 - CONTROL NUMBER IDENTIFIER
- control field: OSt
005 - DATE AND TIME OF LATEST TRANSACTION
- control field: 20251118110032.0
008 - FIXED-LENGTH DATA ELEMENTS
- fixed length control field: 251118|| aca||aabn | a|a d
040 ## - CATALOGING SOURCE
- Original cataloging agency: OSt
- Transcribing agency: OSt
100 ## - HEADING--PERSONAL NAME
- Personal name: TIRTARAMA VALALAMBE
- Dates associated with a name: ತೀರ್ಥರಾಮ ವಳಲಂಬೆ
670 ## - SOURCE DATA FOUND
- Source citation: Work cat.: (OSt)139302: TIRTARAMA VALALAMBE ತೀರ್ಥರಾಮ ವಳಲಂಬೆ, Punarjanma mattu purushartha, 2009